| 000 | 01402cam a2200361 a 4500 | ||
|---|---|---|---|
| 001 | 14208664 | ||
| 003 | OSt | ||
| 005 | 20170306134525.0 | ||
| 008 | 051223s2006 nyu 000 1 eng | ||
| 010 | _a 2005058949 | ||
| 020 | _a0553804499 | ||
| 020 | _a9780553804492 | ||
| 035 | _a(OCoLC)ocm62762340 | ||
| 040 |
_aDLC _cDLC _dBAKER _dC#P _dVP@ _dDLC |
||
| 043 | _ae-uk-en | ||
| 050 | 0 | 0 |
_aPR6056.O846 _bT46 2006 |
| 082 | 0 | 0 |
_a823/.914 _222 |
| 100 | 1 | _aFowler, Christopher. | |
| 245 | 1 | 0 |
_aTen second staircase / _cChristopher Fowler. |
| 260 |
_aNew York : _bBantam Books, _c2006. |
||
| 300 |
_a356 p. ; _c24 cm. |
||
| 490 | 1 | _aThe Bryant & May mysteries | |
| 650 | 0 |
_aPolice _zEngland _zLondon _vFiction. |
|
| 650 | 0 |
_aArtists _xCrimes against _vFiction. |
|
| 655 | 7 |
_aMystery fiction. _2gsafd |
|
| 800 | 1 |
_aFowler, Christopher. _tBryant & May mysteries. |
|
| 856 | 4 | 2 |
_3Contributor biographical information _uhttp://www.loc.gov/catdir/enhancements/fy0633/2005058949-b.html |
| 856 | 4 | 2 |
_3Publisher description _uhttp://www.loc.gov/catdir/enhancements/fy0633/2005058949-d.html |
| 856 | 4 | 1 |
_3Sample text _uhttp://www.loc.gov/catdir/enhancements/fy0661/2005058949-s.html |
| 906 |
_a7 _bcbc _corignew _d1 _eocip _f20 _gy-gencatlg |
||
| 942 |
_2lcc _cBK |
||
| 999 |
_c256021 _d256020 |
||